Khảo sát sự phân bố của các nhóm động vật đáy (Zoobenthos) ở rạch Cái Sao, tỉnh An Giang : Luận văn thạc sĩ chuyên ngành Khoa học Môi trường

Đề tài cung cấp thông tin cần thiết làm cho việc quy hoạch, quản lý môi trường nước và nguồn lợi thuỷ sản ở rạch Cái Sao.

Сохранить в:
Библиографические подробности
Главный автор: Trịnh, Thị Lan
Формат:
Язык:Undetermined
Опубликовано: Cần Thơ Trường Đại học Cần Thơ 2010
Предметы:
Метки: Добавить метку
Нет меток, Требуется 1-ая метка записи!
Thư viện lưu trữ: Trung tâm Học liệu Trường Đại học Cần Thơ
LEADER 01060nam a2200229Ia 4500
001 CTU_162703
008 210402s9999 xx 000 0 und d
082 |a 579.81776 
082 |b L105 
088 |a 60440301 
100 |a Trịnh, Thị Lan 
245 0 |a Khảo sát sự phân bố của các nhóm động vật đáy (Zoobenthos) ở rạch Cái Sao, tỉnh An Giang : 
245 0 |b Luận văn thạc sĩ chuyên ngành Khoa học Môi trường 
245 0 |c Trịnh Thị Lan ; Vũ Thị Út (Hướng dẫn Khoa học) 
260 |a Cần Thơ 
260 |b Trường Đại học Cần Thơ 
260 |c 2010 
520 |a Đề tài cung cấp thông tin cần thiết làm cho việc quy hoạch, quản lý môi trường nước và nguồn lợi thuỷ sản ở rạch Cái Sao. 
650 |a Phytoplankton,Sinh vật chỉ thị 
650 |x Research,Nghiên cứu 
904 |i Quyền, Hải 
980 |a Trung tâm Học liệu Trường Đại học Cần Thơ